| 000 | 00529nam a22001697a 4500 | ||
|---|---|---|---|
| 010 | _aENG-120710 | ||
| 020 |
_c130.00 _a9788179663394 |
||
| 035 | _aEN-104242 | ||
| 037 | _bDBAD/PUB | ||
| 082 | _aS | ||
| 100 | _aSubramanian, kamlesh | ||
| 245 |
_aFeather in a C.A.P. : _cby Kamlesh Subramanian _ba corprate vikram vedhal story management / |
||
| 260 |
_aChennai _bEmerald Publishers _c2016 |
||
| 270 |
_a15A, First Floor, Case Major Road, Egmore, _bChennai _e600008 |
||
| 300 |
_a71p. _b22cm(pbk). |
||
| 942 |
_2ddc _cEN _hS _mSUB |
||
| 999 |
_c144951 _d144951 |
||